NURSING MANAGMENT & ADMINISTRATION BSC,MSC NURSING (Record no. 870406)

MARC details
000 -LEADER
fixed length control field 00344nam a2200133Ia 4500
008 - FIXED-LENGTH DATA ELEMENTS--GENERAL INFORMATION
fixed length control field 230901s2013 xx 000 0 und d
041 ## - LANGUAGE CODE
Language code of text/sound track or separate title eng
082 ## - DEWEY DECIMAL CLASSIFICATION NUMBER
Classification number 171
100 ## - MAIN ENTRY--PERSONAL NAME
Personal name VATI,JOGINDAR
245 ## - TITLE STATEMENT
Title NURSING MANAGMENT & ADMINISTRATION BSC,MSC NURSING
260 ## - PUBLICATION, DISTRIBUTION, ETC.
Name of publisher, distributor, etc. JAYPEE BROTHERS
Date of publication, distribution, etc. 2013
300 ## - PHYSICAL DESCRIPTION
Extent 680
650 ## - SUBJECT ADDED ENTRY--TOPICAL TERM
Topical term or geographic name entry element NURSING ADMINISTRATION
Holdings
Withdrawn status Lost status Damaged status Not for loan Home library Current library Date acquired Cost, normal purchase price Total Checkouts Full call number Barcode Date due Date last seen Date last checked out Price effective from Koha item type
        College of Nursing, Navi Mumbai College of Nursing, Navi Mumbai 19/09/2016 625.00 6 171 NCM-N-3054 21/03/2026 14/03/2026 14/03/2026 02/09/2023 Book